000 00304nam a22001337a 4500
008 210302b ||||| |||| 00| 0 eng d
020 _a9780865977150
041 _aeng
080 _a316
100 _a50
101 _aSOC
245 _aThe Sacred Rights of Conscience
_cDreisbach,L.D
942 _2udc
_cBK
999 _c55454
_d55454